| 000 | 01110cam a22002895a 4500 | ||
|---|---|---|---|
| 001 | 17924326 | ||
| 005 | 20150628093257.0 | ||
| 008 | 131031s2013 enka frbd i001 0 eng d | ||
| 020 | _a9781849736701 | ||
| 040 |
_aNLM _beng _cNLM _dYDXCP _dBDX _dABG _dCTB _dSINLB _dQGK _dVET _dOBE _dFVC _dMUU _dDLC _dEG-ScBUE |
||
| 082 | 0 | 4 |
_a615.103 _bMER _222 |
| 245 | 0 | 4 |
_aThe Merck index : _ban encyclopedia of chemicals, drugs, and biologicals / _cedited by Maryadele J. O'Neil ... [et al.] |
| 246 | 3 | 0 | _aEncyclopedia of chemicals, drugs, and biologicals |
| 250 | _a15th ed. | ||
| 260 |
_aCambridge : _bThe Royal Society of Chemistry, _c2013. |
||
| 300 |
_a[various pagings] : _bill. ; _c26 cm. |
||
| 504 | _aIncludes bibliographical references and indexes. | ||
| 650 | 0 |
_aDrugs _vDictionaries. _2BUEsh |
|
| 650 | 0 |
_aChemicals _vDictionaries. _2BUEsh |
|
| 650 | 0 |
_aBiologicals _vDictionaries. _2BUEsh |
|
| 650 | 0 |
_aBiomolecules _vDictionaries. _2BUEsh |
|
| 651 | _2BUEsh | ||
| 653 |
_bENGCHE _bPPhrm _cMay2015 _cJune2015 |
||
| 655 |
_vreading book _934232 |
||
| 700 | 1 |
_aO'Neil, Maryadele J., _eeditor. |
|
| 942 |
_2ddc _k615.103 MER |
||
| 999 |
_c19419 _d19391 |
||